Výhody pre zopár čiar Rýchla a efektívna manipulácia s tovarom od výroby po predaj
Uplatnenie štandardného systému označovania výrobkov a služieb systémov čiarových kódov na Slovensku. História využívania medzinárodného značenia tovaru pomocou čiarových kódov (EAN). Výhody číslovania. Organizácia EAN Slovakia prideľuje čísla výrobcom, veľkoobchodníkom, dovozcom, vývozcom. Označova...
Na minha lista:
| Autor principal: | |
|---|---|
| Formato: | Capítulo de Livro |
| Idioma: | eslovaco |
| Assuntos: | |
| Tags: |
Sem tags, seja o primeiro a adicionar uma tag!
|
MARC
| LEADER | 00000naa a2200000 4500 | ||
|---|---|---|---|
| 001 | r018817 | ||
| 005 | 20221205102727.4 | ||
| 041 | 0 | |a slo | |
| 044 | |a SK | ||
| 245 | 1 | 0 | |a Výhody pre zopár čiar |b Rýchla a efektívna manipulácia s tovarom od výroby po predaj |c Dagmar Krištofičová |
| 520 | |a Uplatnenie štandardného systému označovania výrobkov a služieb systémov čiarových kódov na Slovensku. História využívania medzinárodného značenia tovaru pomocou čiarových kódov (EAN). Výhody číslovania. Organizácia EAN Slovakia prideľuje čísla výrobcom, veľkoobchodníkom, dovozcom, vývozcom. Označovanie slovenských výrobkov. | ||
| 610 | 2 | 0 | |a kódy čiarové |
| 610 | 2 | 0 | |a história |
| 610 | 2 | 0 | |a kódy |
| 610 | 2 | 0 | |a výrobky |
| 100 | 1 | |a Krištofičová, Dagmar | |